000 00757nam a2200181Ia 4500
003 GCL
005 20240530103019.0
008 140319s9999 xx 000 0 ara d
040 _aGCL /
_cGCL
082 0 4 _a962.0962
_bق/ج ت
_221
100 1 _aالجبرتى : عبدالرحمن بن حسن، 1167-1237 هـ
245 1 0 _a التاريخ المسمى عجائب الاثار فى التراجم والاخبار /
_cالجبرتى : عبدالرحمن بن حسن، 1167-1237 هـ
260 _aالقاهرة :
_bمطبعة الانوار المحمدية ،
_c1986
300 _a2 مج:
_bايض ؛
_c24 سم
650 0 4 _aالرجال - تراجم
650 0 4 _aمصر - تاريخ - الحملة الفرنسية (1798-1801م)
942 _2ddc
_cBK
999 _c36150
_d36150